000 00514nam a2200205Ia 4500
003 OSt
005 20221002054805.0
006 a|||||r|||| 00| 0
007 ta
008 220930b |||||||| |||| 00| 0 eng d
024 _a70524
037 _cReference Collections
040 _aCRL
_cCRL
_beng
041 _2eng
_aeng
082 _aNA42k, L3(RR)
245 0 _aMonuments of civilization Japan
260 _c1973
942 _hNA42k, L3(RR)
_cref
_2CC
999 _c925910
_d925910